Proteção Internacional dos Direitos Humanos (Registro nro. 169764)
[ vista simple ]
| 000 -LEADER | |
|---|---|
| fixed length control field | 01140nam a22002657a 4500 |
| 007 - PHYSICAL DESCRIPTION FIXED FIELD--GENERAL INFORMATION | |
| fixed length control field | cr|||| ||| |
| 008 - FIXED-LENGTH DATA ELEMENTS--GENERAL INFORMATION | |
| fixed length control field | 210426s2012 br |||||s|||| 00||0 por d |
| 020 ## - INTERNATIONAL STANDARD BOOK NUMBER | |
| International Standard Book Number | 978-85-64912-41-0 |
| 035 ## - | |
| -- | 33160 |
| 040 ## - CATALOGING SOURCE | |
| Original cataloging agency | vLex |
| 090 ## - | |
| -- | 11528 |
| -- | 11528 |
| 100 1# - MAIN ENTRY--PERSONAL NAME | |
| Personal name | Tuffi Saliba, Aziz |
| 245 10 - TITLE STATEMENT | |
| Title | Proteção Internacional dos Direitos Humanos |
| Medium | [Recurso electrónico] / |
| Statement of responsibility, etc | Aziz Tuffi Saliba, Fernando Gonzaga Jayme |
| 256 ## - | |
| -- | Servicio en línea |
| 260 ## - PUBLICATION, DISTRIBUTION, ETC. (IMPRINT) | |
| Place of publication, distribution, etc | Belo Horizonte: |
| Name of publisher, distributor, etc | Initia Via Editora, |
| Date of publication, distribution, etc | 2012 |
| 300 ## - PHYSICAL DESCRIPTION | |
| Extent | 1 recurso electrónico |
| 506 1# - RESTRICTIONS ON ACCESS NOTE | |
| Terms governing access | Disponible solo en los productos indicados |
| Authorized users | vLex Global |
| -- | vLex Global (Academic Edition, excluding Law Schools) |
| -- | vLex Global (U.S. Academic Edition, Law Schools) |
| -- | vLex Global (U.S. Academic Edition, excluding Law Schools) |
| -- | vLex Global (Academic Edition, Law Schools) |
| 650 04 - SUBJECT ADDED ENTRY--TOPICAL TERM | |
| Topical term or geographic name as entry element | Derecho Constitucional |
| Geographic subdivision | Brasil |
| 650 04 - SUBJECT ADDED ENTRY--TOPICAL TERM | |
| Topical term or geographic name as entry element | Derecho Internacional |
| Geographic subdivision | Brasil |
| 700 1# - ADDED ENTRY--PERSONAL NAME | |
| Personal name | Gonzaga Jayme, Fernando |
| 740 0# - | |
| -- | vLex Libros (Servicio en línea) |
| 856 40 - LOCALIZACIÓN Y ACCESO ELECTRÓNICO | |
| Identificador Uniforme del Recurso (URI/URL) | https://vlex.com/source/prote-o-internacional-direitos-humanos-33160 |
| 942 ## - | |
| -- | RAA |
| 999 ## - | |
| -- | 169764 |
| -- | 169764 |
No hay ítems disponibles.